| 000 | 00588nam a2200133Ia 4500 | ||
|---|---|---|---|
| 008 | 160809s9999 xx 000 0 und d | ||
| 100 | _aTowle, Antoinette. | ||
| 245 | _aNurses Must Knock Down Professional "Silos" and Create Quality, Safe and Effective Interprofessional Teams. From the Inside Looking Out: A Healthcare Providers Experience Being the Family Member | ||
| 245 | _cAntoinette Towle. | ||
| 260 | _bJournal of Nursing and Care | ||
| 260 | _cJuly 2016 | ||
| 650 | _xNURSING | ||
| 856 | _uhttp://www.omicsgroup.org/journals/ArchiveJNC/currentissue-nursing-care-open-access.php | ||
| 999 |
_c300182 _d300182 |
||